000 00644nam a22002177a 4500
003 UA-OsUOA
001 47234
007 ta
008 20070716b un ||||| |||| 00| 0 ukr d
100 _aЄфименко Г.
090 _a94(477)
_bЄ-11
942 _cSA
040 _aUA-OsUOA
_bukr
_cUA-OsUOA
_dUA-OsUOA
245 _aКоли утворився Радянський Союз? До обставин виникнення одного історичного міфу
300 _aС.5
955 _a0
041 _aukr
080 _a94(477)
773 0 _w47233
650 7 _a9 Географія. Біографії. Історія
_2UDC
999 _c333331
_d333331